|
|
|
|
| LEADER |
00612nam a2200157Ia 4500 |
| 001 |
101281 |
| 008 |
170722s9999 xx 000 0 und d |
| 100 |
|
|
|a Vid, Rain Golth
|
| 245 |
|
|
|a Anthanu Communisam /
|
| 260 |
|
|
|a Trivandrum :
|b Prabhath ,
|c 1979.
|
| 300 |
|
|
|a 88 p.
|c 18cms
|
| 700 |
|
|
|a Saprikov, Victor
|
| 942 |
|
|
|c GEN
|
| 999 |
|
|
|c 95760
|d 95760
|
| 952 |
|
|
|0 0
|1 0
|4 0
|6 W_691XM70_32L932L91
|7 0
|9 134195
|a LIB
|b LIB
|d 2017-08-12
|o W691xM70 32L9-32L9;1
|p 175707
|r 2017-08-12
|v 2.75
|w 2017-08-12
|y GEN
|
| 952 |
|
|
|0 0
|1 0
|4 0
|6 W_691XM70_32L932L91
|7 0
|9 134196
|a LIB
|b LIB
|d 2017-08-12
|o W691xM70 32L9-32L9;1
|p 175708
|r 2017-08-12
|v 2.75
|w 2017-08-12
|y GEN
|